<?xml version="1.0" encoding="UTF-8"?>
<record
    xmlns:xsi="http://www.w3.org/2001/XMLSchema-instance"
    xsi:schemaLocation="http://www.loc.gov/MARC21/slim http://www.loc.gov/standards/marcxml/schema/MARC21slim.xsd"
    xmlns="http://www.loc.gov/MARC21/slim">

  <leader>00621nam a22001937a 4500</leader>
  <controlfield tag="005">20260317095651.0</controlfield>
  <controlfield tag="008">260317b        |||||||| |||| 00| 0 eng d</controlfield>
  <datafield tag="020" ind1=" " ind2=" ">
    <subfield code="a">9788199103023</subfield>
  </datafield>
  <datafield tag="040" ind1=" " ind2=" ">
    <subfield code="a">IN-DiNC</subfield>
    <subfield code="c">IN-DiNC</subfield>
  </datafield>
  <datafield tag="041" ind1=" " ind2=" ">
    <subfield code="d">eng</subfield>
  </datafield>
  <datafield tag="082" ind1=" " ind2=" ">
    <subfield code="a">338.9</subfield>
    <subfield code="b">AHM</subfield>
  </datafield>
  <datafield tag="100" ind1=" " ind2=" ">
    <subfield code="a">Ahmed, Rofique</subfield>
    <subfield code="e">author</subfield>
  </datafield>
  <datafield tag="245" ind1=" " ind2=" ">
    <subfield code="a">Economics of growth and development (Major12)/</subfield>
    <subfield code="c">by Rofique Ahmed and Alena Begum</subfield>
  </datafield>
  <datafield tag="260" ind1=" " ind2=" ">
    <subfield code="a">Jorhat:</subfield>
    <subfield code="b">North East institute of resrach consultancy and publication,</subfield>
    <subfield code="c">2025.</subfield>
  </datafield>
  <datafield tag="300" ind1=" " ind2=" ">
    <subfield code="a">307p.</subfield>
  </datafield>
  <datafield tag="650" ind1=" " ind2=" ">
    <subfield code="a">Economics of growth and development (Major12)</subfield>
  </datafield>
  <datafield tag="700" ind1=" " ind2=" ">
    <subfield code="a">Begum, Alena</subfield>
    <subfield code="e">author</subfield>
  </datafield>
  <datafield tag="942" ind1=" " ind2=" ">
    <subfield code="2">ddc</subfield>
    <subfield code="c">BK</subfield>
  </datafield>
  <datafield tag="999" ind1=" " ind2=" ">
    <subfield code="c">12341</subfield>
    <subfield code="d">12341</subfield>
  </datafield>
  <datafield tag="952" ind1=" " ind2=" ">
    <subfield code="0">0</subfield>
    <subfield code="1">0</subfield>
    <subfield code="2">ddc</subfield>
    <subfield code="4">0</subfield>
    <subfield code="7">0</subfield>
    <subfield code="8">ECO</subfield>
    <subfield code="a">MAIN</subfield>
    <subfield code="b">MAIN</subfield>
    <subfield code="c">GEN</subfield>
    <subfield code="d">2026-03-17</subfield>
    <subfield code="g">450.00</subfield>
    <subfield code="l">1</subfield>
    <subfield code="o">338.9 AHM</subfield>
    <subfield code="p">31256</subfield>
    <subfield code="q">2026-04-23</subfield>
    <subfield code="r">2026-03-30 09:33:46</subfield>
    <subfield code="s">2026-03-30</subfield>
    <subfield code="t">1</subfield>
    <subfield code="w">2026-03-17</subfield>
    <subfield code="y">BK</subfield>
  </datafield>
  <datafield tag="952" ind1=" " ind2=" ">
    <subfield code="0">0</subfield>
    <subfield code="1">0</subfield>
    <subfield code="2">ddc</subfield>
    <subfield code="4">0</subfield>
    <subfield code="7">0</subfield>
    <subfield code="8">ECO</subfield>
    <subfield code="a">MAIN</subfield>
    <subfield code="b">MAIN</subfield>
    <subfield code="c">GEN</subfield>
    <subfield code="d">2026-03-17</subfield>
    <subfield code="g">450.00</subfield>
    <subfield code="l">1</subfield>
    <subfield code="o">338.9 AHM</subfield>
    <subfield code="p">31257</subfield>
    <subfield code="r">2026-04-22 06:57:39</subfield>
    <subfield code="s">2026-03-27</subfield>
    <subfield code="t">2</subfield>
    <subfield code="w">2026-03-17</subfield>
    <subfield code="y">BK</subfield>
  </datafield>
  <datafield tag="952" ind1=" " ind2=" ">
    <subfield code="0">0</subfield>
    <subfield code="1">0</subfield>
    <subfield code="2">ddc</subfield>
    <subfield code="4">0</subfield>
    <subfield code="7">0</subfield>
    <subfield code="8">ECO</subfield>
    <subfield code="a">MAIN</subfield>
    <subfield code="b">MAIN</subfield>
    <subfield code="c">GEN</subfield>
    <subfield code="d">2026-03-17</subfield>
    <subfield code="g">450.00</subfield>
    <subfield code="l">1</subfield>
    <subfield code="o">338.9 AHM</subfield>
    <subfield code="p">31258</subfield>
    <subfield code="r">2026-03-27 07:42:49</subfield>
    <subfield code="s">2026-03-19</subfield>
    <subfield code="t">3</subfield>
    <subfield code="w">2026-03-17</subfield>
    <subfield code="y">BK</subfield>
  </datafield>
  <datafield tag="952" ind1=" " ind2=" ">
    <subfield code="0">0</subfield>
    <subfield code="1">0</subfield>
    <subfield code="2">ddc</subfield>
    <subfield code="4">0</subfield>
    <subfield code="7">0</subfield>
    <subfield code="8">ECO</subfield>
    <subfield code="a">MAIN</subfield>
    <subfield code="b">MAIN</subfield>
    <subfield code="c">GEN</subfield>
    <subfield code="d">2026-04-01</subfield>
    <subfield code="g">450.00</subfield>
    <subfield code="l">1</subfield>
    <subfield code="o">338.9 AHM</subfield>
    <subfield code="p">31308</subfield>
    <subfield code="q">2026-04-30</subfield>
    <subfield code="r">2026-04-07 07:38:55</subfield>
    <subfield code="s">2026-04-07</subfield>
    <subfield code="t">4</subfield>
    <subfield code="w">2026-04-01</subfield>
    <subfield code="y">BK</subfield>
  </datafield>
  <datafield tag="952" ind1=" " ind2=" ">
    <subfield code="0">0</subfield>
    <subfield code="1">0</subfield>
    <subfield code="2">ddc</subfield>
    <subfield code="4">0</subfield>
    <subfield code="7">0</subfield>
    <subfield code="8">ECO</subfield>
    <subfield code="a">MAIN</subfield>
    <subfield code="b">MAIN</subfield>
    <subfield code="c">GEN</subfield>
    <subfield code="d">2026-04-01</subfield>
    <subfield code="g">450.00</subfield>
    <subfield code="l">1</subfield>
    <subfield code="o">338.9 AHM</subfield>
    <subfield code="p">31309</subfield>
    <subfield code="r">2026-04-30 11:04:47</subfield>
    <subfield code="s">2026-04-07</subfield>
    <subfield code="t">5</subfield>
    <subfield code="w">2026-04-01</subfield>
    <subfield code="y">BK</subfield>
  </datafield>
  <datafield tag="952" ind1=" " ind2=" ">
    <subfield code="0">0</subfield>
    <subfield code="1">0</subfield>
    <subfield code="2">ddc</subfield>
    <subfield code="4">0</subfield>
    <subfield code="7">0</subfield>
    <subfield code="8">ECO</subfield>
    <subfield code="a">MAIN</subfield>
    <subfield code="b">MAIN</subfield>
    <subfield code="c">GEN</subfield>
    <subfield code="d">2026-04-01</subfield>
    <subfield code="g">450.00</subfield>
    <subfield code="l">0</subfield>
    <subfield code="o">338.9 AHM</subfield>
    <subfield code="p">31310</subfield>
    <subfield code="r">2026-04-01 12:20:13</subfield>
    <subfield code="t">6</subfield>
    <subfield code="w">2026-04-01</subfield>
    <subfield code="y">BK</subfield>
  </datafield>
</record>
